000 00524nam a2200181Ia 4500
999 _c29343
_d29343
003 OSt
005 20210104155508.0
008 190216s9999||||xx |||||||||||||| ||und||
020 _a9788182645554
040 _coclc
082 _a910
_bSHI/R
100 _aShinas, A M
_97838
245 0 _aRussia Mannil Veena Nakshathram /
_cA M Shinas
260 _bMathrubhumi Printing & publishing,
_aKozhikode:
_c2007.
300 _a68p
650 _aYathravivaranam
942 _cBK
_2ddc
_h910
_iSHI/R
_k910
_mSHI/R